000 00595nam a2200229Ia 4500
003 OSt
005 20230615160630.0
008 210423s2012 xx 000 0 und d
020 _a9788122432787
040 _cAL
041 _aeng
082 _a530.13 LAUB
_223
100 _aLAUD (B B).
_994817
245 _aFundamentals of ststistical mechanics.
250 _a2
260 _aNew Delhi
_bNew Age International
_c2012
300 _axiv,275
_bPB
365 _b295
_cINR
650 _aTheoretical Physics
_994818
906 _aFundamentals ; mechanics. ; ststistical
942 _2ddc
_cBK
999 _c161941
_d161941